Países Unidos #6 - Estadísticas

Estadísticas generales
  • Esta prueba ha sido intentada 6.333 veces
  • La puntuación promedio es 14 de 20
Respuestas en el mapa
Las respuestas están codificadas por una escala verde-roja en el mapa de la prueba según el % correcto abajo.
 
Estadísticas de respuestas
Países Unidos % Correcto
Rusia
90%
Finlandia
82%
Venezuela
82%
Turquía
81%
Guyana
78%
Nicaragua
78%
Honduras
77%
Siria
76%
Sudán del Sur
75%
China
74%
República Centroafricana
74%
Afganistán
68%
India
68%
Myanmar
65%
Turkmenistán
65%
Nigeria
64%
Kirguistán
63%
Benín
60%
Hungría
58%
Eslovaquia
56%
No se encontraron pruebas coincidentes
Distribución de puntuación
Porcentaje de gente con cada puntuación
Porcentaje por número respondido
Historial de tus puntuaciones
No has intentado esta prueba.